La industria del chocolate, bombones, caramelos y confitería
Uloženo v:
| Hlavní autor: | |
|---|---|
| Médium: | Kniha |
| Jazyk: | španělština |
| Vydáno: |
Madrid
Paraninfo
1986
|
| Vydání: | 3a. ed |
| Témata: | |
| Tagy: |
Přidat tag
Žádné tagy, Buďte první, kdo vytvoří štítek k tomuto záznamu!
|
MARC
| LEADER | 00000nam a2200000 a 4500 | ||
|---|---|---|---|
| 001 | UCV3768 | ||
| 003 | CL-VaPUC | ||
| 008 | 911025e19860000SP |||||||||||||||||spa|d | ||
| 082 | 0 | 4 | |a 664.153 |b GIA |2 21 |
| 100 | |a Gianola, Carlo |e author |9 596150 | ||
| 245 | 1 | 3 | |a La industria del chocolate, bombones, caramelos y confitería |
| 250 | |a 3a. ed | ||
| 300 | |a 295 p | ||
| 942 | |c BK | ||
| 945 | |d 19911025 00:00:00 | ||
| 260 | |a Madrid |b Paraninfo |c 1986 | ||
| 650 | 0 | |a Chocolate |9 259754 | |
| 583 | |a last modification |c 19911025 00:00:00 |k Rodrigo Vera | ||
| 999 | |c 210898 |d 210896 | ||
| 952 | |0 0 |1 0 |4 0 |6 664_153000000000000_GIA_1986 |7 0 |8 A |9 187913 |a BIBALI |b BIBALI |c RES |d 2019-11-14 |i 2553996 |o 664.153 GIA 1986 |p 2553996 |r 2025-01-20 |w 2019-11-14 |y BK_R |k ALI | ||